LEADER 01365nam a2200313 i 4500 001 000000147095 003 CaOOAMICUS 005 20231009105125.0 008 060124s1982 it u000 u ita u 020 $a88-222-3078-7 040 $aSeMil$bita 100 1 $aAntonicelli, Franco,$d<1902-1974>.$0(OLS)http://semarc/name/8848 245 10$aCapitoli Gozzaniani :$bscritti editi e inediti /$cFranco Antonicelli ; a cura di Michele Mari. 264 1$aFirenze :$bLeo S. Olschki,$c1982. 300 $a117 p. ;$c24 cm. 490 0 $aTesti ;$v4 500 $aIn testa al front. : Università di Torino, centro di studi di letteratura italiana in Piemonte «Guido Gozzano» 541 0 $aFondo Ciprandi (1O IV 283) 600 14$aGozzano, Guido <1883-1916>.$0(OLS)http://semarc/subject/8508 700 1 $aMari, Michele.$0(OLS)http://semarc/name/13087 830 0$aTesti ;$v4.$0(OLS)http://semarc/title/6082 850 $aSeMil 852 $aSeMil$W1$xVenegono$y1$m1O IV 283$j243674$B99684$CSeMilBibl$Z2$F108186 $81 941 1 $a1 961 $aOmaggio: Ciprandi dott. Paolo 996 $6020$a88-222-3078-7$9(OLS)http://semarc/number/135754 996 $6245$aCapitoli Gozzaniani :$bscritti editi e inediti$9(OLS)http://semarc/title/215120 996 $6264$aFirenze :$bLeo S. Olschki$9(OLS)http://semarc/publisher/29957 LEADER 00833nas a2200229 i 4500 001 000000210068 003 CaOOAMICUS 005 20120208000000.0 008 120109b2011 ne uu u0 0mul r 013 $a188860 040 $aSeMil$bita 245 10$a[2011 : 4]. 260 $aLeiden ; Boston :$bBrill,$ccopyr. 2011. 300 $aP. [551]-727 ;$c24 cm. 500 $aArticoli con sintesi [Abstract] in inglese o in tedesco in testa. 773 0 $tVetus Testamentum.$dLeiden : Brill, 1951.$x0042-4935$w()3098 774 0 $t[vedi periodico].$w()276555 850 $aSeMil 852 $aSeMil$W1$xVenegono$y1$m100 5 64$j160519$B160519$CSeMilBibl$Z2$F172282 $85 961 $aAbbonamento: Brill 996 $6245$a[2011 : 4]$9(OLS)http://semarc/title/294727 996 $6260$aLeiden ; Boston :$bBrill$9(OLS)http://semarc/publisher/39473